000 00337nam a2200121Ia 4500
008 180117s9999 xx 000 0 und d
100 _aby Karenina Yaptinchay-Gella
245 _aNever Too Far Away Home
260 _c2016
300 _a14-16 pages, 2016 December 25
440 _aPhilippine Panorama
650 _aTOO FAR AWAY FROM HOME
999 _c353474
_d353474